| 000 | 00778cam a2200217 a 4500 | ||
|---|---|---|---|
| 020 | _a0670820555 | ||
| 082 |
_a923.5 _bWRI _cL-30-II, P-210 |
||
| 100 | 1 |
_aWright, Peter. _946169 |
|
| 245 | 1 | 0 |
_aSpy catcher : _bthe candid autobiography of a senior intelligence officer / _cPeter Wright. |
| 260 |
_aNew York, N.Y. : _bViking, _cc1987. |
||
| 300 |
_a392 p., [8] p. of plates : _bports. ; _c24 cm. |
||
| 500 | _aHalf title: Spycatcher. | ||
| 500 | _aIncludes index. | ||
| 526 |
_a0 _b0 _c0 _d355_343209200000000_WRI |
||
| 526 |
_a0 _b0 _c0 _d923_500000000000000_WRI |
||
| 526 |
_a0 _b0 _c0 _d923_500000000000000_WRI |
||
| 650 | 0 |
_aIntelligence officers _zGreat Britain _946170 |
|
| 650 | 0 |
_aIntelligence service _zGreat Britain _xHistory _948899 |
|
| 650 | 0 |
_aMCE _9379 |
|
| 942 |
_2ddc _cBK |
||
| 999 |
_c551760 _d551760 |
||